00459nam a22001457a 4500003000900000005001700009008003800026020001800064040002200082100001600104245010700120260004000227300002800267700001800295DO-SdBNP20171208151236.0171025b 1998|||| |||| 00| 0 spa d a9780201886788 aBPMSUbspacBPMSU1 aDavis, Jack13aThe web design wow! book :bshowcasing the best of on-screen communication /cJack Davis, Susan Merrit aEstados Unidos :bPeachpit :c1998. a218 p. :bil. ;c22 cm.1 aMerrit, Susan